|
|
|
|
| LEADER |
03625nam a2200841 a 4500 |
| 001 |
nkc20102114509 |
| 003 |
CZ PrNK |
| 005 |
20101015095406.0 |
| 007 |
ta |
| 008 |
100803s2010 xr acf e 000 0dcze |
| 015 |
|
|
|a cnb002114509
|
| 020 |
|
|
|a 978-80-7395-284-6
|q (váz.)
|
| 035 |
|
|
|a (OCoLC)670479846
|
| 040 |
|
|
|a BOA001
|b cze
|d ABA001
|
| 043 |
|
|
|a e-xr---
|b e-xr-kr
|2 czenas
|
| 045 |
|
|
|a r-y0
|
| 072 |
|
7 |
|a 27
|x Křesťanství. Křesťanská církev všeobecně. Eklesiologie
|2 Konspekt
|9 5
|
| 080 |
|
|
|a 272-774
|2 MRF
|
| 080 |
|
|
|a 27-72-77
|2 MRF
|
| 080 |
|
|
|a 27-4
|2 MRF
|
| 080 |
|
|
|a 82-94
|2 MRF
|
| 080 |
|
|
|a 726.54:272
|2 MRF
|
| 080 |
|
|
|a 726.5
|2 MRF
|
| 080 |
|
|
|a 725.94
|2 MRF
|
| 080 |
|
|
|a 2-6+316.72/.75
|2 MRF
|
| 080 |
|
|
|a (437.313)
|2 MRF
|
| 080 |
|
|
|a (079)371.27
|2 MRF
|
| 080 |
|
|
|a (048.8)
|2 MRF
|
| 080 |
|
|
|a (093)
|2 MRF
|
| 080 |
|
|
|a (082)
|2 MRF
|
| 245 |
0 |
0 |
|a Kronika a drobné památky velišské farnosti :
|b sborník studentských prací /
|c Jana Stráníková, Vladislava Říhová (edd.)
|
| 250 |
|
|
|a Vyd. 1.
|
| 260 |
|
|
|a Pardubice :
|b Univerzita Pardubice,
|c 2010
|
| 300 |
|
|
|a 199 s., [16] s. barev. obr. příl. :
|b il., portréty ;
|c 24 cm +
|e errata (1 s.)
|
| 500 |
|
|
|a 200 výt.
|
| 504 |
|
|
|a Obsahuje bibliografické odkazy
|
| 550 |
|
|
|a Vydavatel: Univerzita Pardubice, Fakulta filozofická a Fakulta restaurování
|
| 610 |
2 |
7 |
|a Katolická církev.
|b Farní úřad (Veliš, Jičín, Česko)
|7 mzk2010591365
|2 czenas
|
| 648 |
|
7 |
|a 14.-21. století
|7 ch757053
|2 czenas
|
| 650 |
0 |
7 |
|a katolické farnosti
|7 ph114894
|z Česko
|y 14.-21. století
|2 czenas
|
| 650 |
0 |
7 |
|a organizace a struktura církve
|7 ph138526
|z Česko
|y 14.-21. století
|2 czenas
|
| 650 |
0 |
7 |
|a církevní život
|7 ph119306
|z Česko
|y 14.-21. století
|2 czenas
|
| 650 |
0 |
7 |
|a kroniky
|7 ph121967
|z Česko
|y 19.-20. století
|2 czenas
|
| 650 |
0 |
7 |
|a katolické kostely
|7 ph114895
|z Česko
|2 czenas
|
| 650 |
0 |
7 |
|a církevní architektura
|7 ph114282
|z Česko
|2 czenas
|
| 650 |
0 |
7 |
|a drobná architektura
|7 ph134695
|z Česko
|2 czenas
|
| 650 |
0 |
9 |
|a Catholic parishes
|z Czechia
|y 14th-21st centuries
|2 eczenas
|
| 650 |
0 |
9 |
|a church organization and structure
|z Czechia
|y 14th-21st centuries
|2 eczenas
|
| 650 |
0 |
9 |
|a church life
|z Czechia
|y 14th-21st centuries
|2 eczenas
|
| 650 |
0 |
9 |
|a chronicles
|z Czechia
|y 19th-20th centuries
|2 eczenas
|
| 650 |
0 |
9 |
|a Catholic churches
|z Czechia
|2 eczenas
|
| 650 |
0 |
9 |
|a church architecture
|z Czechia
|2 eczenas
|
| 650 |
0 |
9 |
|a small architecture
|z Czechia
|2 eczenas
|
| 651 |
|
7 |
|a Veliš (Jičín, Česko)
|7 ge289287
|x náboženské a kulturní poměry
|y 14.-21. století
|2 czenas
|
| 651 |
|
9 |
|a Veliš (Jičín, Czechia)
|x religious and cultural conditions
|y 14th-21st centuries
|2 eczenas
|
| 655 |
|
7 |
|a studentské práce
|7 fd186738
|2 czenas
|
| 655 |
|
7 |
|a studie
|7 fd133597
|2 czenas
|
| 655 |
|
7 |
|a prameny
|7 fd131865
|2 czenas
|
| 655 |
|
7 |
|a sborníky
|7 fd163935
|2 czenas
|
| 655 |
|
9 |
|a student theses
|2 eczenas
|
| 655 |
|
9 |
|a studies
|2 eczenas
|
| 655 |
|
9 |
|a sources
|2 eczenas
|
| 655 |
|
9 |
|a miscellanea
|2 eczenas
|
| 700 |
1 |
|
|a Stráníková, Jana
|7 xx0060537
|4 edt
|4 aut
|
| 700 |
1 |
|
|a Říhová, Vladislava,
|d 1978-
|7 jo2006333732
|4 edt
|4 aut
|
| 710 |
2 |
|
|a Univerzita Pardubice.
|b Filozofická fakulta
|7 ko2006325566
|
| 710 |
2 |
|
|a Univerzita Pardubice.
|b Fakulta restaurování
|7 pag2009420264
|
| 856 |
4 |
1 |
|u http://www.digitalniknihovna.cz/mzk/uuid/uuid:a66deb20-4f57-11e7-b03f-005056827e52
|y Digitalizovaný dokument
|x NDK
|
| 910 |
2 |
|
|a BOA001
|b 2-1247.246
|
| 990 |
|
|
|a BK
|
| 995 |
|
|
|a 01
|
| 991 |
|
|
|b 201008
|c NOV
|e n
|
| 996 |
6 |
|
|b 2610443970
|c 2-1247.246
|l MZK
|r Sklad / do 1 hodiny
|n 2
|p p.v.
|w 001134516
|u 000010
|a 1
|e BOA001
|j MZK50
|s P
|